| 000 | 00668nam a22001817a 4500 | ||
|---|---|---|---|
| 003 | BUBTL | ||
| 008 | 190428b xxu||||| |||| 00| 0 eng d | ||
| 020 | _a984-07-5234-0 | ||
| 082 | _a954.92 / SAB | ||
| 100 |
_92301 _aসাইয়িদ, আবু |
||
| 245 |
_aবাংলাদেশের স্বাধীনতা : কূটনৈতিক যুদ্ধ / _cআবু সাইয়িদ |
||
| 260 |
_aঢাকা : _bবাংলা একাডেমি, _cc2014 |
||
| 300 |
_a623 p. : _c22 cm. |
||
| 650 | 0 |
_91755 _aমুক্তিযুদ্ধ |
|
| 856 |
_k0 _l0 _yDownload |
||
| 942 |
_2ddc _cBK |
||
| 999 |
_c5998 _d5998 |
||